00681nam a2200181 a 450000100100000000500170001000800410002704000250006808200200009310000270011324500780014026000400021830000210025850000730027965000530035265000460040565000480045100000899020200929161446.0090922s1971 dr r 000 m spa d aDO-SdBNPbspacBNPHU aRD861.09bM917r1 aMota Medrano, Fabio A.10aRelieves alumbrados :b14 poetas (microensayos) /cFabio A. Mota Medrano. aSanto Domingo :bLa Isabela,c1971. a341 p. ;c19 cm. aIncluye referencias bibliográficas y notas al pie de las páginas 4aPoetas dominicanosxCrítica e interpretación 4aPoesía dominicanaxHistoria y crítica 4aLiteratura dominicanaxHistoria y crítica